[Event "Nordic-ch (Women)"]
[Site "Elsinore"]
[Date "2007.07.22"]
[Round "2"]
[White "Tuominen, Tanja"]
[Black "Johnsen, Sylvia"]
[Result "0-1"]
[WhiteElo "2107"]
[BlackElo "2041"]
[PlyCount "102"]
[EventDate "2007.07.21"]
[EventType "tourn"]
[EventRounds "10"]
[EventCountry "DEN"]
[Source "ChessBase"]
[SourceDate "2009.11.30"]

1. e4 e5 2. Nf3 Nc6 3. Nc3 Nf6 4. d4 exd4 5. Nxd4 Bb4 6. Nxc6 bxc6 7. Bd3 O-O
8. O-O d5 9. exd5 cxd5 10. Bg5 c6 11. Qf3 Be7 12. h3 Rb8 13. b3 Be6 14. Ne2 Rb4
15. c3 Rb6 16. Rad1 c5 17. Nf4 g6 18. Rfe1 Qc8 19. Nxe6 fxe6 20. Bh6 Rf7 21.
Qe2 Nh5 22. Qg4 Nf6 23. Qg3 Nh5 24. Qe3 Bh4 25. Re2 Ng7 26. Bg5 Bxg5 27. Qxg5
Qf8 28. Rde1 a5 29. Qh4 Rf4 30. Qg3 a4 31. Bc2 a3 32. Re5 Qf6 33. c4 Rd6 34.
R5e2 Rd7 35. cxd5 exd5 36. Qd3 Qd6 37. Qb5 Nf5 38. Re8+ Kg7 39. Bxf5 Rxf5 40.
Qa5 c4 41. bxc4 dxc4 42. Qc3+ Qd4 43. R8e7+ Rf7 44. Rxf7+ Kxf7 45. Qxa3 c3 46.
Qb3+ Kg7 47. Rc1 Rc7 48. a4 c2 49. a5 Qd2 50. Qa3 Rb7 51. a6 Qxc1+ 0-1

[Event "Nordic-ch (Women)"]
[Site "Elsinore"]
[Date "2007.07.23"]
[Round "4"]
[White "Tuominen, Tanja"]
[Black "Andersson, Christin"]
[Result "0-1"]
[WhiteElo "2107"]
[BlackElo "2139"]
[PlyCount "104"]
[EventDate "2007.07.21"]
[EventType "tourn"]
[EventRounds "10"]
[EventCountry "DEN"]
[Source "ChessBase"]
[SourceDate "2009.11.30"]

1. e4 e6 2. d4 d5 3. Nd2 c5 4. exd5 Qxd5 5. dxc5 Bxc5 6. Ngf3 Nf6 7. Bc4 Qd6 8.
O-O Nc6 9. Qe2 Bd7 10. Nb3 Bb6 11. Rd1 Qe7 12. Bf4 Nd5 13. Bg3 O-O-O 14. Nbd4
Qf6 15. Nb5 Be8 16. Nd6+ Rxd6 17. Bxd6 Qxb2 18. Rab1 Qf6 19. Bxd5 exd5 20. Rxd5
Bd7 21. Rd3 Re8 22. Qd1 Bf5 23. Rxb6 axb6 24. Rd2 Rd8 25. h3 Be4 26. Bg3 Bxf3
27. Rxd8+ Nxd8 28. gxf3 Nc6 29. Qe2 Qe6 30. Qe4 Qxe4 31. fxe4 Nd4 32. Kf1 Nxc2
33. Ke2 Nb4 34. a3 Nc6 35. Kd3 b5 36. Bd6 Kd7 37. e5 Ke6 38. Ke4 g5 39. f4 gxf4
40. Kxf4 Na5 41. Bb4 Nc4 42. Bc3 Nxa3 43. h4 Nc4 44. h5 Nb6 45. Kg5 Nd5 46. Bb2
b4 47. Kh6 Nf4 48. Ba1 b3 49. Bc3 Kf5 50. Kxh7 Nxh5 51. Kh6 Nf4 52. Ba1 Nd3 0-1

[Event "Nordic-ch (Women)"]
[Site "Elsinore"]
[Date "2007.07.23"]
[Round "4"]
[White "Vovk, Oksana"]
[Black "Treppendahl, Trine"]
[Result "1-0"]
[WhiteElo "2164"]
[BlackElo "2038"]
[PlyCount "113"]
[EventDate "2007.07.21"]
[EventType "tourn"]
[EventRounds "10"]
[EventCountry "DEN"]
[Source "ChessBase"]
[SourceDate "2009.11.30"]

1. d4 d5 2. c4 c6 3. Nf3 Nf6 4. Nc3 dxc4 5. a4 Bf5 6. Ne5 e6 7. f3 Bb4 8. Bg5
h6 9. Bh4 Qa5 10. Qd2 b5 11. e4 Bg6 12. Be2 Nfd7 13. Nxg6 fxg6 14. O-O Qb6 15.
Bf2 Qd8 16. b3 Nc5 17. bxc4 Nb3 18. Qb2 Bxc3 19. Qxc3 Nxa1 20. cxb5 cxb5 21.
Bxb5+ Kf7 22. Rxa1 a6 23. Bc4 Nd7 24. f4 Re8 25. Rf1 Nb6 26. Bb3 Kg8 27. Qc6
Kh7 28. Bxe6 Rxe6 29. Qxe6 Nxa4 30. Qc6 Nb2 31. Rb1 Nd3 32. Be3 Rc8 33. Qxa6
Nxf4 34. Bxf4 Qxd4+ 35. Kh1 Rc4 36. Re1 Qf2 37. Bg3 Qd4 38. e5 Rc2 39. Qf1 h5
40. e6 h4 41. Be5 Qd5 42. e7 h3 43. Re2 Qf7 44. Kg1 Qxf1+ 45. Kxf1 hxg2+ 46.
Rxg2 Rc8 47. Bd6 Rc1+ 48. Kf2 Rc2+ 49. Kf3 Rc3+ 50. Ke4 Rc1 51. Re2 Rc8 52. Rf2
Rc1 53. Rf8 Re1+ 54. Kf4 g5+ 55. Kxg5 g6 56. e8=Q Re5+ 57. Kg4 1-0

[Event "Nordic-ch (Women)"]
[Site "Elsinore"]
[Date "2007.07.29"]
[Round "11"]
[White "Vovk, Oksana"]
[Black "Agrest, Svetlana"]
[Result "1/2-1/2"]
[WhiteElo "2164"]
[BlackElo "2276"]
[PlyCount "56"]
[EventDate "2007.07.21"]
[EventType "tourn"]
[EventRounds "10"]
[EventCountry "DEN"]
[Source "ChessBase"]
[SourceDate "2009.11.30"]

1. d4 d6 2. Bg5 f5 3. e3 c6 4. Nf3 Nd7 5. Nc3 Ngf6 6. Bd3 e6 7. e4 fxe4 8. Nxe4
Be7 9. Nxf6+ Nxf6 10. O-O O-O 11. c3 Nd5 12. Bxe7 Qxe7 13. Re1 Bd7 14. Bc4 Nf4
15. g3 Nd5 16. Bf1 Qf6 17. Bg2 Be8 18. Qd2 h6 19. c4 Ne7 20. c5 dxc5 21. dxc5
Nf5 22. Qc3 Bh5 23. Qxf6 gxf6 24. Rad1 Rad8 25. Rxd8 Rxd8 26. h3 Bxf3 27. Bxf3
Kf7 28. Rd1 Rxd1+ 1/2-1/2

[Event "Nordic-ch (Women)"]
[Site "Elsinore"]
[Date "2007.07.22"]
[Round "2"]
[White "Vovk, Oksana"]
[Black "Bjerke, Silje"]
[Result "1/2-1/2"]
[WhiteElo "2164"]
[BlackElo "2196"]
[PlyCount "47"]
[EventDate "2007.07.21"]
[EventType "tourn"]
[EventRounds "10"]
[EventCountry "DEN"]
[Source "ChessBase"]
[SourceDate "2009.11.30"]

1. d4 d5 2. c4 e6 3. Nc3 c6 4. e3 Nf6 5. Nf3 Nbd7 6. Qc2 Bd6 7. b3 O-O 8. Be2
b6 9. Bb2 Bb7 10. O-O Rc8 11. e4 Nxe4 12. Nxe4 dxe4 13. Qxe4 Qe7 14. Bd3 Nf6
15. Qh4 Ba3 16. Bxa3 Qxa3 17. Ng5 h6 18. Ne4 Nxe4 19. Qxe4 g6 20. Qf4 h5 21.
Rfe1 Qe7 22. Rad1 Rfd8 23. Bb1 Kg7 24. h3 1/2-1/2

[Event "Nordic-ch (Women)"]
[Site "Elsinore"]
[Date "2007.07.27"]
[Round "9"]
[White "Vovk, Oksana"]
[Black "Skytte, Torill"]
[Result "1-0"]
[WhiteElo "2164"]
[BlackElo "1999"]
[PlyCount "67"]
[EventDate "2007.07.21"]
[EventType "tourn"]
[EventRounds "10"]
[EventCountry "DEN"]
[Source "ChessBase"]
[SourceDate "2009.11.30"]

1. d4 d5 2. c4 c6 3. Nf3 Nf6 4. Nc3 a6 5. a4 e6 6. e3 Nbd7 7. Bd3 Be7 8. O-O
O-O 9. e4 dxe4 10. Nxe4 Nxe4 11. Bxe4 Nf6 12. Bc2 c5 13. Be3 cxd4 14. Bxd4 Qa5
15. Qe2 Qh5 16. Rfd1 Rd8 17. Qe5 Qxe5 18. Nxe5 Ne8 19. Bb6 Rxd1+ 20. Rxd1 f6
21. Nf3 e5 22. Be4 Be6 23. c5 Rb8 24. b4 g6 25. b5 Kf7 26. Ba7 Ra8 27. Bb6 Rb8
28. Ba7 Ra8 29. b6 Bb3 30. Rc1 Rd8 31. Bxb7 Bxc5 32. Bxa6 Bxb6 33. Bxb6 Bxa4
34. Bxd8 1-0

[Event "Nordic-ch (Women)"]
[Site "Elsinore"]
[Date "2007.07.25"]
[Round "7"]
[White "Vovk, Oksana"]
[Black "Tuominen, Tanja"]
[Result "1/2-1/2"]
[WhiteElo "2164"]
[BlackElo "2107"]
[PlyCount "56"]
[EventDate "2007.07.21"]
[EventType "tourn"]
[EventRounds "10"]
[EventCountry "DEN"]
[Source "ChessBase"]
[SourceDate "2009.11.30"]

1. d4 d5 2. c4 c6 3. Nf3 Nf6 4. cxd5 cxd5 5. Nc3 Nc6 6. Bf4 a6 7. Rc1 Bf5 8. e3
e6 9. Qb3 Bd6 10. Bxd6 Qxd6 11. Qxb7 O-O 12. Nxd5 Qxd5 13. Qxc6 Qxa2 14. Qc3
Rfb8 15. Bc4 Qxb2 16. O-O a5 17. Bd3 Qxc3 18. Rxc3 Bxd3 19. Rxd3 a4 20. Ra3 Ne4
21. Ne5 Rb3 22. Rfa1 Rab8 23. Kf1 f6 24. Nd7 R8b7 25. Nc5 Nxc5 26. dxc5 Rxa3
27. Rxa3 Rb1+ 28. Ke2 Rc1 1/2-1/2